000 00443nam a2200157 i 4500
001 93963
003 ES-MaACL
005 20230906181344.0
007 t|
008 050426s1920 sp ||||1| spa d
100 1 _aLópez Pinillos, José.
_973892
245 1 3 _aLa red
_b: drama en tres actos /
_cpor José López Pinillos (Parmeno) [seud.].
260 _aMadrid :
_bPueyo,
_c1920.
300 _a175 p. ;
_c19 cm.
852 _aES-MaACL
_jF-2953
999 _c93963
_d93963